Chez les Delarue

Gorde:
Xehetasun bibliografikoak
Egile nagusia: Passe-Partout
Formatua: Liburua
Hizkuntza:Undetermined
Argitaratua: París, Francia Hachette 1973
Gaiak:
Etiketak: Etiketa erantsi
Etiketarik gabe, Izan zaitez lehena erregistro honi etiketa jartzen!

MARC

LEADER 00000nam a2200000Ia 4500
008 170316s9999 xx 000 0 und d
040 |a cru BVZT 
090 |a 840 P-5ch 
100 |a Passe-Partout 
245 |a Chez les Delarue 
260 |a París, Francia 
260 |b Hachette 
260 |c 1973 
300 |a 77 páginas 
650 |a LITERATURA FRANCESA 
999 |c 7905  |d 7905 
942 |c 15 D  |h 840 P-5ch  |2 z